<?xml version="1.0" encoding="UTF-8"?><?xml-stylesheet type="text/xsl" href="static/style.xsl"?><OAI-PMH xmlns="http://www.openarchives.org/OAI/2.0/" xmlns:xsi="http://www.w3.org/2001/XMLSchema-instance" xsi:schemaLocation="http://www.openarchives.org/OAI/2.0/ http://www.openarchives.org/OAI/2.0/OAI-PMH.xsd"><responseDate>2026-06-04T06:48:01Z</responseDate><request verb="GetRecord" identifier="oai:riuma.uma.es:10630/8246" metadataPrefix="marc">https://riuma.uma.es/rest/oai/request</request><GetRecord><record><header><identifier>oai:riuma.uma.es:10630/8246</identifier><datestamp>2026-02-03T11:58:59Z</datestamp><setSpec>com_10630_2254</setSpec><setSpec>col_10630_37959</setSpec></header><metadata><record xmlns="http://www.loc.gov/MARC21/slim" xmlns:dcterms="http://purl.org/dc/terms/" xmlns:doc="http://www.lyncode.com/xoai" xmlns:xsi="http://www.w3.org/2001/XMLSchema-instance" xsi:schemaLocation="http://www.loc.gov/MARC21/slim http://www.loc.gov/standards/marcxml/schema/MARC21slim.xsd">
   <leader>00925njm 22002777a 4500</leader>
   <datafield ind2=" " ind1=" " tag="042">
      <subfield code="a">dc</subfield>
   </datafield>
   <datafield ind2=" " ind1=" " tag="720">
      <subfield code="a">González-Román, María del Carmen</subfield>
      <subfield code="e">author</subfield>
   </datafield>
   <datafield ind2=" " ind1=" " tag="260">
      <subfield code="c">2014-10-16</subfield>
   </datafield>
   <datafield ind2=" " ind1=" " tag="520">
      <subfield code="a">La opinión sobre El Greco sostenida por el traductor y comentador de un tratado de perspectiva y arquitectura, además de ensamblador, como fue Salvador Muñoz, nos conduce hasta la paradoja historiográfica fundada en la idea de que alguien que denostaba el dibujo cuando hablaba de la pintura, no podía defender el “disegno” como el elemento clave para la arquitectura. Tras una breve revisión de las fuentes, tratando de deconstruir algunos de los relatos sostenidos por la historiografía en relación al Greco-arquitecto, nos situamos en el contexto teórico de las primeras décadas del XVII, y buscamos confrontar las ideas sobre arquitectura del genial artista con las de otros artífices y teóricos implicados, como él, en las trazas de retablos.</subfield>
   </datafield>
   <datafield ind1="8" ind2=" " tag="024">
      <subfield code="a">http://hdl.handle.net/10630/8246</subfield>
   </datafield>
   <datafield tag="653" ind2=" " ind1=" ">
      <subfield code="a">Greco, El</subfield>
   </datafield>
   <datafield ind2="0" ind1="0" tag="245">
      <subfield code="a">Más de opiniones y paradojas. El Greco y las ideas en torno a la arquitectura en la España de su época</subfield>
   </datafield>
</record>
</metadata></record></GetRecord></OAI-PMH>